धर्म, समाज और संस्कृति / (Record no. 119615)

MARC details
000 -LEADER
fixed length control field 01311nam a22002897a 4500
003 - CONTROL NUMBER IDENTIFIER
control field dpl
005 - DATE AND TIME OF LATEST TRANSACTION
control field 20190425124948.0
008 - FIXED-LENGTH DATA ELEMENTS--GENERAL INFORMATION
fixed length control field 190425b ||||| |||| 00| 0 eng d
010 ## - LIBRARY OF CONGRESS CONTROL NUMBER
LC control number B-137441
020 ## - INTERNATIONAL STANDARD BOOK NUMBER
Terms of availability 00.00
International Standard Book Number 817917073
035 ## - SYSTEM CONTROL NUMBER
System control number B-137441, B-136323
037 ## - SOURCE OF ACQUISITION
Source of stock number/acquisition Cen Lib/Ret
040 ## - CATALOGING SOURCE
Original cataloging agency DPL
Language of cataloging HN
Transcribing agency 0
082 ## - DEWEY DECIMAL CLASSIFICATION NUMBER
Classification number 306
Item number श्रीमाली
100 ## - MAIN ENTRY--PERSONAL NAME
Personal name श्रीमाली, कृष्ण मोहन
9 (RLIN) 85873
245 ## - TITLE STATEMENT
Title धर्म, समाज और संस्कृति /
Statement of responsibility, etc कृष्ण मोहन श्रीमाली
246 ## - VARYING FORM OF TITLE
Title proper/short title Dharm, samaj aur sanskriti /
Remainder of title by Krishna Mohan Shrimali
260 ## - PUBLICATION, DISTRIBUTION, ETC. (IMPRINT)
Name of publisher, distributor, etc ग्रंथ शिल्पी
Date of publication, distribution, etc 2005
Place of publication, distribution, etc दिल्ली
270 ## - ADDRESS
Address बी-7, सरस्वती काम्प्लेक्स, लक्ष्मी नगर
City दिल्ली
Postal code 110092
300 ## - PHYSICAL DESCRIPTION
Extent 264पृ.
Dimensions 21सेमी(सजिल्द)
500 ## - GENERAL NOTE
General note अनुक्रमाणिका शामिल
650 ## - SUBJECT ADDED ENTRY--TOPICAL TERM
Topical term or geographic name as entry element धर्म -- सामाजिक स्तरीकरण
9 (RLIN) 45349
650 ## - SUBJECT ADDED ENTRY--TOPICAL TERM
Topical term or geographic name as entry element धर्म और समाज
9 (RLIN) 7376
650 ## - SUBJECT ADDED ENTRY--TOPICAL TERM
Topical term or geographic name as entry element Religion - social stratification
9 (RLIN) 85874
650 ## - SUBJECT ADDED ENTRY--TOPICAL TERM
Topical term or geographic name as entry element Religion and Society
9 (RLIN) 12662
942 ## - ADDED ENTRY ELEMENTS (KOHA)
Source of classification or shelving scheme Dewey Decimal Classification
Koha item type Hindi Books
Classification part 306
Call number suffix श्रीमाली
Holdings
Withdrawn status Lost status Damaged status Not for loan Home library Current library Date acquired Source of acquisition Cost, normal purchase price Total Checkouts Full call number Barcode Date last seen Copy number Cost, replacement price Price effective from Koha item type Source of classification or shelving scheme Collection code
        Central Library Central Library 17/09/2015 Cen Lib/Ret 0.00   306 श्रीमाली B-137441 17/09/2015 1 0.00 17/09/2015 Hindi Books    
        Shahdara Branch Shahdara Branch 25/04/2019 BPPD/PUB 0.00   306 श्रीमाली B-136323 25/04/2019   0.00 25/04/2019 Hindi Books Dewey Decimal Classification Non-fiction

© Delhi Public Library
Hit Counter
free hit counter